Normal view MARC view

Entry Topical Term

Number of records used in: 1

001 - CONTROL NUMBER

  • control field: 17078

003 - CONTROL NUMBER IDENTIFIER

  • control field: OSt

005 - DATE AND TIME OF LATEST TRANSACTION

  • control field: 20211105134125.0

008 - FIXED-LENGTH DATA ELEMENTS

  • fixed length control field: 211105|| aca||aabn | a|a d

040 ## - CATALOGING SOURCE

  • Original cataloging agency: OSt
  • Transcribing agency: OSt

150 ## - HEADING--TOPICAL TERM

  • Topical term or geographic name entry element: Large optics

670 ## - SOURCE DATA FOUND

  • Source citation: Work cat.: (OSt): Society of Photo-Optical Instrumentation Engineers Conference Florida 1987 Mar. 27-29 17077, Optical design methods, applications, and large optics, 1989

Powered by Koha